000
00311nam a2200133Ia 4500
008
230917s9999||||xx |||||||||||||| ||und||
040
_e
5002100
_a
MAIN
041
_a
English
082
_a
549.27, M318C
100
_a
Mantell, Charles L
245
0
_a
Carbon and graphite hand book
260
_c
1968
942
_c
BK
999
_c
9168
_d
9168